| 000 | 00762nam a2200253 i 4500 | ||
|---|---|---|---|
| 001 | 10411 | ||
| 003 | ES-MaACL | ||
| 005 | 20250808062706.0 | ||
| 007 | t| | ||
| 008 | 950608s1991 sp |||| | spa d | ||
| 020 | _a84-7914-038-0 | ||
| 080 | _a27-725 | ||
| 100 | 1 |
_aEsquerda Bifet, Juan. _947962 |
|
| 245 | 1 | 0 |
_aTeología de la espiritualidad sacerdotal / _cpor Juan Esquerda Bifet. |
| 250 | _a2ª ed. corr. y aum. | ||
| 260 |
_aMadrid : _bLa Editorial Católica, _c1991. |
||
| 300 |
_aXIV, 430 p. ; _c20 cm. |
||
| 490 | 1 |
_aBiblioteca de autores cristianos ; _v382 |
|
| 500 | _aÍndice. | ||
| 650 | 4 |
_aClero- _xVida religiosa. _916961 |
|
| 830 | 0 | 0 |
_aBiblioteca de autores cristianos _v382 _9178679 |
| 852 |
_aES-MaACL _jJ-375 |
||
| 999 |
_c10411 _d10411 |
||